Implementación del Código Procesal Penal Federal en Argentina (Registro nro. 36363)

Detalles MARC
000 -LEADER
fixed length control field 00372 a2200109 4500
001 - CONTROL NUMBER
control field ART_61897
005 - DATE AND TIME OF LATEST TRANSACTION
control field 20260410162057.0
008 - FIXED-LENGTH DATA ELEMENTS--GENERAL INFORMATION
fixed length control field 260409a
100 1# - MAIN ENTRY--PERSONAL NAME
Personal name Borinsky, Mariano H.
245 10 - TITLE STATEMENT
Title Implementación del Código Procesal Penal Federal en Argentina
773 0# - HOST ITEM ENTRY
Title Temas de derecho penal y procesal penal
Related parts - Año 6, N° 12 (dic. 2024)
Record control number REV60798

No hay ítems disponibles.